000 01022nam a2200277 i 4500
001 000027081
003 DO-SdBNP
005 20241022141557.0
007 ta
008 110329s1934 dr 000 0 spa d
040 _aDO-SdBNP
_bspa
_cBNPHU
_erda
082 4 _a00
_bM562M
_222
100 1 _aMejía Fernández, Abigail de,
_936166
_eautor
245 1 0 _aBiografía del Padre Meriño :
_bestudio completo de su vida y de su obra /
_cAbigail Mejía de Fernández.
264 _aBarcelona, España :
_bImprenta-Editorial Altés,
_c1934.
300 _a107 páginas ;
_c21 cm.
336 _atexto
_btxt
_2rdacontent
337 _asin mediación
_bnc
_2rdamedia
338 _avolumen
_bn
_2rdacarrier
500 _aIncluye referencias bibliográficas y notas al pie de las páginas
586 _aPrimer premio en el concurso del centenario (1833-1933)
590 _aInventariado, 2023/BT
600 4 _aMeriño, Fernando Arturo de,
_d1833-1906
_xCrítica e interpretación
_986755
910 _aBtavárez
942 _2ddc
_cLBS1
999 _c26573
_d26573